1060 1722 1100 1512 1939 1451 1433 1415 1125 1259 1882 1803 1695 1487 1103 1198 1443 1097 1097 1207 1581 1590 1806 1034 1631 1507 1085 1331 1617 1208 1295 1885 1326 1281 1592 1461 1147 1186 1055 1883 1516 1197 1700 1380 1346 1036 1996 1379 1904 1746 1149 1668 1257 1249 1076 2000 1522 1192 1726 1538 1162 1714 1496 1479 1754 1895 1432 1200 1418 1002 1582 1085 1199 1326 1851 1997 1439 1170 1803 1335 1875 1459 1793 1998 1108 1705 1002 1795 1067 1125 1986 1931 1831 1360 1750 1189 1927 1933 1307 BCNSPRNW ULIB Ver.6.0+V

เปลี่ยนเป็นภาษาไทย

Change to English
 แสดงรายละเอียดบรรณานุกรม
  กลับหน้าหลัก

Brief Record : Get Marc (ISO 2709) : E-mail record : QR code < ปิดหน้าต่าง
LEADER : 00000nam 2200000uu 4500
001    13399113677
003     ULIB
008    110627s2551||||th 000 0 tha d
020    9749335236
090    นว.^bห...ป 2551
100 0  หงษ์หยก
245 00 ปริศนาเคียงดาว/^cหงษ์หยก
250    พิมพ์ครั้งที่ 1
260    กรุงเทพฯ :^bนกฮูก,^c2551
300    359 หน้า
710 1  นกฮูก
945    ^p179^l0^i022003
995    ทศพร
999 ^a ใช้งานได้ทุกระบบ
รายการนี้ยังไม่มีแท็ก
คุณยังไม่ได้ล็อกอิน คุณสามารถมีกิจกรรมร่วมกับเว็บไซต์ได้ แต่ต้องล็อกอินก่อน ::
  ล็อกอิน

รายการสื่อสารสนเทศ

ลำดับที่ ประเภท เลขเรียก/บาร์โค้ด สถานที่ สถานะ
1. นวนิยาย
นวนิยาย
นว. ห...ป 2551 ฉ.1 
  Barcode: 022003
ห้องสมุดวิทยาเขตสวรรค์ประชารักษ์
►นวนิยาย
บนชั้น
  ขอยืม

รายการใกล้เคียง
    ผู้แต่ง [หงษ์หยก]

BibComment


ยังไม่เคยถูกคอมเมนท์

คอมเมนท์ทรัพยากรรายการนี้
  คอมเมนท์: ปริศนาเคียงดาว หง..


 Copyright 2026. Bcnsprnw @Library